| 000 | 03311nam0a2200433 4500 | ||
|---|---|---|---|
| 001 | RU\NLR\BIBL_A\022714766 | ||
| 005 | 20260426080538.0 | ||
| 010 |
_a978-5-907961-85-2 _91000 |
||
| 021 |
_aRU _bКН-П-25-076605 _9КН-П-25-7418 |
||
| 035 | _a(NLR Aleph) 022714766 | ||
| 090 |
_a13696478 _c13696478 |
||
| 100 | _a20260202d2025 k y0rusy50 ca | ||
| 101 | 0 | _arus | |
| 102 | _aRU | ||
| 105 | _aa|||z|||110yy | ||
| 181 | 0 |
_ai3 _baxxe |
|
| 182 | 0 | _an | |
| 200 | 1 |
_aКультура физическая и здоровье современной молодежи _eматериалы VIII Международной научно-практической конференции, 15 сентября 2025 г., г. Воронеж _fМинистерство просвещения Российской Федерации, Федеральное государственное бюджетное образовательное учреждение высшего образования "Воронежский государственный педагогический университет", Министерство спорта и туризма Республики Беларусь, Учреждение образования "Белорусский государственный университет физической культуры" _gпод редакцией А. И. Бугакова, С. А. Бортниковой |
|
| 203 |
_aТекст _bвизуальный _cнепосредственный |
||
| 210 |
_aВоронеж _cВоронежский государственный педагогический университет _d2025 |
||
| 215 |
_a122 с. _cил., табл. _d21 |
||
| 300 | _aК 95-летию ВГПУ | ||
| 320 | _aБиблиогр. в конце ст. | ||
| 606 | 1 |
_aФизическая культура и спорт _jСъезды, совещания и т.п _xОбразовательные учреждения _92246711 _3RU\NLR\AUTH\6601578790 |
|
| 606 | 1 |
_aФизическая культура и спорт _jСъезды, совещания и т.п _xПреподавание _92217435 _3RU\NLR\AUTH\661331709 |
|
| 606 | 1 |
_aУчащиеся _jСъезды, совещания и т.п _xВоспитание здорового образа жизни _92445805 _3RU\NLR\AUTH\661454645 |
|
| 686 | 1 | _aЧ511.153.1я431 | |
| 686 | 1 | _aЧ486.73я431 | |
| 686 | 1 | _aЧ426.73я431 | |
| 686 | 1 | _aЧ313.541я431 | |
| 702 | 1 |
_aБугаков _bА. И. _gАлександр Иванович _4340 |
|
| 711 | 1 | 2 |
_a"Культура физическая и здоровье современной молодежи", международная научно-практическая конференция _d8 _eВоронеж _f2025 _92696783 _3RU\NLR\AUTH\880638565 |
| 712 | 0 | 2 |
_4475 _aВоронежский государственный педагогический университет _9280376 _3RU\NLR\AUTH\884444 |
| 712 | 0 | 2 |
_4570 _aБелорусский государственный университет физической культуры _cМинск _9671609 _3RU\NLR\AUTH\8810084787 |
| 942 | _cBOOK | ||
| 980 | _aNB | ||